|
|
|
|
| LEADER |
00000nab a2200000uu 4500 |
| 001 |
vtls011455689 |
| 003 |
SK-MaSNL |
| 005 |
20260303151440.0 |
| 008 |
230222|1977 xo |||||||||||||||||eng| |
| 015 |
|
|
|a SNBRB
|
| 035 |
|
|
|a (urnnbn)urn:nbn:sk:snk:ar-a07tco
|
| 035 |
|
|
|a (uuid)26bf8958-561b-4d56-9c64-8ff0cd73e998
|
| 035 |
|
|
|a urn:nbn:sk:snk-abcqog
|
| 040 |
|
|
|a SNKBUCL
|b slo
|c SNKBUCL
|e AACR2
|
| 041 |
0 |
|
|a eng
|
| 044 |
|
|
|a xo
|c SK
|
| 100 |
1 |
|
|a Tonew, M.
|4 aut
|9 933383
|
| 245 |
1 |
0 |
|a THE ANTIVIRAL ACTIVITY OF DIPYRIDAMOLE
|c M. Tonew, E. Tonew, R. Mentel
|
| 700 |
1 |
|
|a Mentel, R.
|4 aut
|9 938582
|
| 700 |
1 |
|
|a Tonew, E.
|4 aut
|9 926863
|
| 773 |
0 |
|
|t Acta virologica
|g Roč. 21, č. 2 (1977), s. 146-150
|
| 958 |
|
|
|a OND
|
| 958 |
|
|
|a EUIPO
|
| 958 |
|
|
|a article16
|
| 999 |
|
|
|c 2017757
|d 2019687
|